00777nam a2200241 a 450000100060000000300080000600500170001400800410003102000150007203500190008704000270010604100110013308200240014410000170016824500860018526000480027130000290031958000970034865000260044565000260047170000220049770000160051969358BD-RjUL20211209081857.0170411s2005 nyubr1p 0 a0eng d a8173195137 a(BD-RjUL)69569 aNLMcNLMdBD-RjULbeng1 aengrus a571.6223bSEC 20051 aSen, Sumitra00aCytology and genetics /cSumitra Sen, Dipak Kumar Kar ; General Editor B M Johri  aNew York :bNarosa publishing House,cc2005 a404 p. :bill. ;c24 cm. aTranslation of: T͡sitologii͡a i genetika, issued by the Akademii͡a nauk Ukrainskoĭ SSR. 0aCytologyvPeriodicals 0aGeneticsvPeriodicals aKar, Dipak Kumar  aJohri, B M